000 00591nam a2200229Ia 4500
003 OSt
005 20220918202526.0
006 a|||||r|||| 00| 0
007 ta
008 220917b |||||||| |||| 00| 0 eng d
024 _a101,901
037 _cTextual
040 _aARTS
_cARTS
_beng
041 _2eng
_aeng
082 _aV247:1:N5, L2
100 _aNagendra Singh
_9104192
245 0 _aBhutan
_b A kingdom in the Himalayas
260 _aNA
_bNA
_c1972
650 _aHISTORY
942 _hV247:1:N5, L2
_cTEXL
_2CC
999 _c225361
_d225361